00758nam a22001697a 450000500170000000800410001702000150005805000190007324500680009225000110016026000430017130000260021450000210024050502670026165000280052870000320055620220517084524.0220314b sp ||||| |||| 00| 0 spa d a842330898704aQ125bH57 197200aHistoria general de las cienciasc/ dirección de René Taton a1a ed. aEspaña : bEdiciones destino, c1975 aV. : bil. ; c23 cm. aIncluye índice1 tV. 1 -- La ciencia antigua y medieval (de los orígenes a 1450)tV. 2 -- La ciencia moderna (de 1450 a 1800)tV.3.. La ciencia contemporánea I el siglo XIXtV. 4 -- La ciencia contemporánea II, el siglo XXtV. 5 -- La ciencia contemporánea II, el siglo XX 72lembaCienciaxHistoria1 aTaton, René eprologuista